000 00520nab a2200217 a 4500
001 32998
003 99256
005 20201118100921.0
008 ||||||n9999 ||| || ||
041 _aspa
245 0 _aCertificado de incentivo forestal
260 _aBogotá :
_bLegis,
_c1997.
562 _e0
650 _aCOLOMBIA
650 _aDECRETO 900 DE 1997
650 _aDERECHO AMBIENTAL
650 _aECODESARROLLO
650 _aPOLÍTICA AMBIENTAL
773 _057819
_aLegislación
942 _cSART
999 _c32998
_d32998